000 00645nam a2200229Ia 4500
003 OSt
005 20221005131238.0
006 a|||||r|||| 00| 0
007 ta
008 221004b |||||||| |||| 00| 0 eng d
024 _a38634
037 _cTextual
040 _aCRL
_cCRL
_beng
041 _2eng
_aeng
082 _aO:3aN5, J6-3
100 _aFidell Estelle A Co.
_9639317
245 0 _aShort story index, supplement 1959-1963
_b An index to 9,068 stories in 582 collections
260 _c1956
650 _aENGLISH LITERATURE
942 _hO:3aN5, J6-3
_cTEXL
_2cc
999 _c1059740
_d1059740